000 00593nam a2200181 a 4500
001 000018966
005 20200929165906.0
008 100521s1986 xxu r 000 0 spa d
020 _a0311110452
040 _aDO-SdBNP
_bspa
_cBNPHU
082 _axxx
_bH638
100 1 _aHightower, James E.
_940806
245 1 3 _aEl cuidado pastoral :
_bdesde la cuna hasta la tumba /
_cJames E. Hightower ; traducción Edgar Morales.
260 _aTennessee, Estados Unidos :
_bCasa Bautista de Publicaciones,
_c1986.
300 _a171 p. ;
_c21 cm.
700 1 _aMorales, Edgar,
_etr.
_940807
049 _aBNGR
999 _c18484
_d18484